Para cantarle a una ciudad : Santiago de Cuba /

Guardado en:
Detalles Bibliográficos
Autor principal: Melo, Teresa (selección y edición)
Formato: Libro
Idioma:Español
Publicado: Santiago, Cuba : Santiago, 2005, c2005
Colección:(Niágara)
Temas:
Etiquetas: Agrega una etiqueta
Sin etiquetas, Sé el primero en etiquetar este registro!

MARC

LEADER 00000nam^a2200000^a^4500
001 000391772
005 20250521000000.0
009 20260310121223.743
020 |a 959-269-078-2 
037 |a Acervo ITESO - Biblioteca 
041 |a ESP 
082 |a 808. 81932  |b MEL 
100 |a Melo, Teresa  |e (selección y edición) 
245 1 0 |a Para cantarle a una ciudad :  |b Santiago de Cuba /  |c Selec. y ed. de T. Melo. 
264 4 |a Santiago, Cuba :  |b Santiago,  |c 2005, c2005 
300 |a 105 p. 
336 |a texto  |b txt  |2 rdacontenido 
337 |a sin mediación  |b n  |2 rdamedio 
338 |a volumen  |b nc  |2 rdasoporte 
440 1 |a (Niágara) 
649 |a XX 
650 |a Poesía Cubana 
650 |a Poesía Dominicana 
650 |a Poesía Mexicana 
650 |a Poesía Argentina 
650 |a Poesía Española 
650 |a Literatura Cubana -  |y Siglo XX 
650 |a Literatura Cubana -  |y Siglo XXI 
650 |a Literatura Dominicana  |y Siglo XX 
650 |a Literatura Mexicana -  |y Siglo XX 
650 |a Literatura Argentina -  |y Siglo XX 
650 |a Literatura Española -  |y Siglo XX 
650 |a Santiago, Cuba en la Literatura 
910 |a Fondo Carlos Núñez Hurtado 
920 |a Impresos - Libros 
930 |a Fondos Especiales 
940 |a Literatura 
905 |a 117 
901 |a 0500286662  |b IT2  |c ESP  |i D81110  |u 20250521 
902 |a https://opac.biblio.iteso.mx/vufind/Record/000391772